[Event "Sunnyvale 1000 IM Winter 12"]
[Site "Sunnyvale"]
[Date "2023.12.27"]
[Round "3"]
[White "Hajnal, Zoltan"]
[Black "Sun, Kevin"]
[Result "1-0"]
[WhiteElo "2382"]
[BlackElo "1974"]
[PlyCount "75"]
[EventDate "2023.12.26"]
[EventType "schev"]
[EventRounds "9"]
[EventCountry "USA"]
[SourceTitle "CB01_2024"]
[SourceDate "2024.01.03"]
[SourceVersion "1"]
[SourceVersionDate "2024.01.03"]
[SourceQuality "1"]

1. e4 c5 2. Nf3 d6 3. d4 cxd4 4. Nxd4 Nf6 5. Nc3 a6 6. Be3 e5 7. Nb3 Be6 8. Qd2 Be7 9. f3 h5 10. Be2 Nbd7 11. Nd5 Nxd5 12. exd5 Bf5 13. Na5 Qc8 14. c4 0-0 15. b4 Bd8 16. Nb3 Bh4+ 17. g3 Bf6 18. Rc1 b6 19. 0-0 Re8 20. a4 a5 21. c5 dxc5 22. bxa5 bxa5 23. Bb5 Rd8 24. Nxa5 Qc7 25. Nc6 Re8 26. d6 Qb6 27. Bg5 Bh3 28. Rfe1 Rac8 29. Bxf6 Rxc6 30. Be7 Rcc8 31. Qf2 Rxe7 32. dxe7 Qd6 33. e8Q+ Rxe8 34. Rcd1 Qe7 35. g4 Rd8 36. Qg3 hxg4 37. fxg4 Nf6 38. Qxh3 1-0

[Event "Sunnyvale 1000 GM Thanksgiving IM1"]
[Site "Sunnyvale"]
[Date "2023.11.25"]
[Round "7"]
[White "Sun, Kevin"]
[Black "Gemy Vargas, Jose Daniel"]
[Result "0-1"]
[WhiteElo "2033"]
[BlackElo "2325"]
[PlyCount "72"]
[EventDate "2023.11.22"]
[EventType "schev"]
[EventRounds "9"]
[EventCountry "USA"]
[SourceTitle "CB48_2023"]
[SourceDate "2023.11.29"]
[SourceVersion "1"]
[SourceVersionDate "2023.11.29"]
[SourceQuality "1"]

1. e4 e5 2. Nf3 Nc6 3. d4 exd4 4. Nxd4 Qh4 5. Nc3 Bb4 6. Ndb5 Ba5 7. Qd3 Nf6 8. g3 Qxe4+ 9. Qxe4+ Nxe4 10. Nxc7+ Bxc7 11. Nxe4 0-0 12. Nc3 Nb4 13. Kd1 d5 14. a3 Nc6 15. Bg2 Bg4+ 16. f3 Bf5 17. g4 Be6 18. Bd2 Rad8 19. Ke2 h5 20. h3 d4 21. Ne4 d3+ 22. cxd3 Nd4+ 23. Kf2 Nb3 24. Rad1 Nxd2 25. Rxd2 Bf4 26. Re2 b6 27. Bf1 Rxd3 28. Nf6+ gxf6 29. Rxe6 Rb3 30. Re4 Rxb2+ 31. Be2 Bd6 32. gxh5 f5 33. Ra4 Bc5+ 34. Ke1 Rb1+ 35. Bd1 Rd8 36. Ke2 Rb2+ 0-1

[Event "Milpitas"]
[Site "Milpitas"]
[Date "2023.07.16"]
[Round "5"]
[White "Sun, Kevin"]
[Black "Perez Gormaz, Matias Ariel"]
[Result "0-1"]
[WhiteElo "1759"]
[BlackElo "2407"]
[PlyCount "94"]
[EventDate "2023.07.14"]
[EventType "schev"]
[EventRounds "9"]
[EventCountry "USA"]
[SourceTitle "EXT 2024"]
[Source "ChessBase"]
[SourceDate "2023.10.10"]
[SourceVersion "1"]
[SourceVersionDate "2023.10.10"]
[SourceQuality "1"]

1. e4 c5 2. Nf3 a6 3. d4 cxd4 4. Nxd4 Nf6 5. Nc3 e5 6. Nb3 Bb4 7. Bd3 Bxc3+ 8. bxc3 0-0 9. Ba3 d6 10. 0-0 Qc7 11. Qd2 Be6 12. c4 Rd8 13. c5 d5 14. exd5 Nxd5 15. Qg5 Nd7 16. Rfe1 f6 17. Qh5 Nf8 18. Be4 a5 19. Qf3 a4 20. Nc1 Qf7 21. Bf5 Bxf5 22. Qxf5 Ne6 23. Ne2 Ndf4 24. Nxf4 Nxf4 25. Qe4 Rd4 26. Qf3 Rad8 27. Rab1 Qxa2 28. Rb2 Qc4 29. Rxb7 Ne2+ 30. Kh1 Qxc2 31. Qh5 Qa2 32. Re7 Rf8 33. Bc1 Nxc1 34. Rxc1 Qxf2 35. Rb1 Qc2 36. Reb7 a3 37. h3 a2 38. Ra1 Rd2 39. Qg4 Qg6 40. Qe6+ Kh8 41. Qc6 h5 42. Qf3 e4 43. Qf1 e3 44. Re7 Re8 45. Rxe8+ Qxe8 46. Rc1 e2 47. Qe1 Qd8 0-1